000
00302nam a2200109Ia 4500
008
210430s9999 xx 000 0 und d
082
_a
954.9205 C5451I
100
_a
Lt Col SS Chowdhary
_9
54632
245
_a
I Was A Prisoner of War In Pakistan
_c
Lt Col SS Chowdhary
300
_a
94
942
_c
BK
_2
ddc
999
_c
565269
_d
565269